000 00989cam a22003137a 4500
003 CHAP
005 20220817043156.0
008 971013s1988 r 00010 d
010 _a67610
011 _a68582
035 _a78055
040 _cCHAP
090 _aFolleto 11852
111 0 0 _aReunión del IEPES sobre la Sociedad Rural en el Desarrollo Nacional
_d(1988 :
_cOaxaca, Oax.)
_996367
245 0 _aPonencias
260 _aMéxico :
_bIEPES,
_c1988
300 _a8 p.
500 _aExtractos de algunas ponencias presentadas en la reunión
590 _aBATCH-UPD
_b10
_c20130110
_lUCH01
_h0536
590 _aBATCH-UPD
_b10
_c20130410
_lUCH01
_h0216
590 _aBATCH-UPD
_b10
_c20130914
_lUCH01
_h0828
590 _aCONVERSION
_b10
_c20130109
_lUCH01
_h1337
650 1 4 _aCampesinado.
_917993
650 1 4 _aMéxico
_xCondiciones rurales.
650 1 4 _aSociología rural.
_9108215
901 _aBK
942 _cFOLL
949 _aFolleto 11852
_bBC
_cFOLL
_d-30929
_eTS1
_i78055
_si
999 _c67610
_d67610